000 00578cam a22001933a 4500
001 40944
003 PGUSA
005 20140828083924.0
008 121005s2012||||xxu|||||s|||||000 | eng d
040 _aPGUSA
_beng
042 _adc
245 1 0 _aProgram for October 1929 :
_bThe Wyoming Valley Woman's Club of Wilkes-Barre
_h[electronic resource] /
_cAnonymous
260 _bProject Gutenberg,
_c2012
506 _aPublic domain in the USA.
516 _aElectronic text
830 0 _aProject Gutenberg
_v40944
856 4 0 _uhttp://www.gutenberg.org/ebooks/40944
942 _cEB
999 _c270196
_d270196